000 00380nam a2200145Ia 4500
008 230917s9999||||xx |||||||||||||| ||und||
040 _e247301
_aMAIN
041 _aEnglish
082 _a332.1 J314A
100 _aJassal, Nitasha
245 0 _aAntecedents, drivers and evaluation of consolidation of Indian banking system
260 _c2016
300 _a277 p.
942 _cTH
999 _c127590
_d127590